Mezinárodní konference o populaci a rozvoji ICPD 1994 Káhira, Egypt 5.-13. září 1994

Gespeichert in:
Bibliographische Detailangaben
Format: Buch
Sprache:Tschechisch
Veröffentlicht: Praha Informační ústředí OSN 1994
Ausgabe:1. vyd.
Schlagworte:
Tags: Tag hinzufügen
Keine Tags, Fügen Sie das erste Tag hinzu!

MARC

LEADER 00000nam a2200000 4500
001 c005451
005 20221214075336.6
041 0 |a cze 
044 |a CZ 
245 1 0 |a Mezinárodní konference o populaci a rozvoji ICPD 1994  |b Káhira, Egypt 5.-13. září 1994 
250 |a 1. vyd. 
264 1 |a Praha  |b Informační ústředí OSN  |c 1994 
300 |a 24 s. 
610 2 0 |a demografia 
610 2 0 |a populácia 
610 2 0 |a rast hospodársky 
610 2 0 |a reprodukcia obyvateľstva 
610 2 0 |a migrácia